Social inequalities in health and nutrition in selected states (Record no. 59584)

000 -LEADER
fixed length control field 01116pab a2200193 454500
008 - FIXED-LENGTH DATA ELEMENTS--GENERAL INFORMATION
fixed length control field 180718b2004 xxu||||| |||| 00| 0 eng d
100 ## - MAIN ENTRY--PERSONAL NAME
Personal name Roy, T.K.
245 ## - TITLE STATEMENT
Title Social inequalities in health and nutrition in selected states
260 ## - PUBLICATION, DISTRIBUTION, ETC.
Date of publication, distribution, etc. 2004
300 ## - PHYSICAL DESCRIPTION
Extent p.677-83.
362 ## - DATES OF PUBLICATION AND/OR SEQUENTIAL DESIGNATION
Dates of publication and/or sequential designation 14 Feb
520 ## - SUMMARY, ETC.
Summary, etc. While a large number of primary health centres and subcentres have been created as part of the government's `Health for All' programme, surveys such as NFHS-1 and 2 reveal that health services either do not reach disadvantaged sections or are not accessed by them. This paper assesses the extent of inequalities in health care ad nutritional status across states with a focus on caste and tribe. It examines how far these inequalities are a result of caste/tribe per se or whether they can be attributed to differential economic and educational conditions of individuals belonging to different caste/tribe categories. - Reproduced.
650 ## - SUBJECT ADDED ENTRY--TOPICAL TERM
Topical term or geographic name entry element Nutrition
650 ## - SUBJECT ADDED ENTRY--TOPICAL TERM
Topical term or geographic name entry element Health services
700 ## - ADDED ENTRY--PERSONAL NAME
Personal name Vaidehi, Y
700 ## - ADDED ENTRY--PERSONAL NAME
Personal name Kulkarni, Sumati
773 ## - HOST ITEM ENTRY
Main entry heading Economic and Political Weekly
909 ## -
-- 59584
Holdings
Withdrawn status Lost status Damaged status Not for loan Permanent Location Current Location Date acquired Serial Enumeration / chronology Barcode Date last seen Price effective from Koha item type
        Indian Institute of Public Administration Indian Institute of Public Administration 2018-07-19 Volume no: 39, Issue no: 7 AR60029 2018-07-19 2018-07-19 Articles

Powered by Koha